| Tag |
First Indicator |
Second Indicator |
Subfields |
| LEADER |
00000cam a2200000 i 4500 |
| 001 |
in00000647521 |
| 005 |
20151015063347.0 |
| 008 |
801002s1980 quc b 00110 eng |
| 010 |
|
|
|a 80499300
|
| 015 |
|
|
|a C***
|
| 020 |
|
|
|a 0773503579
|
| 035 |
|
|
|a (OCoLC)06695269
|
| 035 |
|
|
|9 ACW0802AM
|
| 040 |
|
|
|a DLC
|c DLC
|d m.c.
|d TXA
|d UtOrBLW
|
| 049 |
|
|
|a TXAM
|c [1800564]
|
| 050 |
0 |
0 |
|a PR6005.O4
|b Z7253
|
| 082 |
0 |
|
|a 823/.912
|2 19
|
| 100 |
1 |
|
|a Geddes, Gary.
|
| 245 |
1 |
0 |
|a Conrad's later novels /
|c Gary Geddes.
|
| 264 |
|
1 |
|a Montreal :
|b McGill-Queen's University Press,
|c [1980]
|
| 264 |
|
4 |
|c ©1980
|
| 300 |
|
|
|a x, 223 pages ;
|c 23 cm.
|
| 336 |
|
|
|a text
|b txt
|2 rdacontent
|
| 337 |
|
|
|a unmediated
|b n
|2 rdamedia
|
| 338 |
|
|
|a volume
|b nc
|2 rdacarrier
|
| 500 |
|
|
|a Includes index.
|
| 504 |
|
|
|a Bibliography: pages [213]-218.
|
| 600 |
1 |
0 |
|a Conrad, Joseph,
|d 1857-1924
|x Criticism and interpretation.
|
| 999 |
|
|
|a MARS
|
| 999 |
f |
f |
|s 2f656f98-8cc1-313a-aaa4-7483dd36ed56
|i 9223035e-11bc-34ad-945e-148690479701
|t 0
|
| 952 |
f |
f |
|p ric
|a Texas A&M University
|b Rellis Campus
|c Joint Library Facility
|d Remote Storage
|t 0
|e PR6005.O4 Z7253
|h Library of Congress classification
|i unmediated -- volume
|m A14803992596
|
| 998 |
f |
f |
|a PR6005.O4 Z7253
|t 0
|l Remote Storage
|